| 000 | 00456nam a22001817a 4500 | ||
|---|---|---|---|
| 999 |
_c12846 _d12846 |
||
| 008 | 251003b 2022 ||||| |||| 00| 0 eng d | ||
| 082 |
_a623.8 _bBHA |
||
| 100 | _aBhatia, A. G. | ||
| 245 | _aBridge equipment and watchkeeping | ||
| 250 | _a2022 | ||
| 260 |
_aMumbai _bGopilata education hub _c2022 |
||
| 300 | _aiv, 115pgs. | ||
| 650 | _aSextant | ||
| 650 | _aNavigation Bridge | ||
| 650 | _aEcho Sounder | ||
| 650 | _aDoppler Log | ||
| 942 | _cBK | ||